Welcome to CU Library Online Public Access Catalogue (OPAC)

Introduction to mathematical statistics / (Record no. 1350)

MARC details
000 -LEADER
fixed length control field 00651cam a2200217 i 4500
001 - CONTROL NUMBER
control field 1302601
005 - DATE AND TIME OF LATEST TRANSACTION
control field 20241120110040.0
008 - FIXED-LENGTH DATA ELEMENTS--GENERAL INFORMATION
fixed length control field 770223s1978 nyua b 001 0 eng
020 ## - INTERNATIONAL STANDARD BOOK NUMBER
International Standard Book Number 0023557109
050 00 - LIBRARY OF CONGRESS CALL NUMBER
Classification number QA276
Item number .H59 1978
082 00 - DEWEY DECIMAL CLASSIFICATION NUMBER
Classification number 519
100 1# - MAIN ENTRY--PERSONAL NAME
Personal name Hogg, Robert V.
245 10 - TITLE STATEMENT
Title Introduction to mathematical statistics /
Statement of responsibility, etc. Robert V. Hogg, Allen T. Craig.
250 ## - EDITION STATEMENT
Edition statement 4th ed.
260 ## - PUBLICATION, DISTRIBUTION, ETC.
Place of publication, distribution, etc. New York :
Name of publisher, distributor, etc. Macmillan,
Date of publication, distribution, etc. c1978.
300 ## - PHYSICAL DESCRIPTION
Extent x, 438 p. :
Other physical details ill. ;
Dimensions 24 cm.
500 ## - GENERAL NOTE
General note Includes index.
650 #0 - SUBJECT ADDED ENTRY--TOPICAL TERM
Topical term or geographic name entry element Mathematical statistics.
700 1# - ADDED ENTRY--PERSONAL NAME
Personal name Craig, Allen T.
Fuller form of name (Allen Thornton),
Dates associated with a name 1905-
Relator term joint author.
942 ## - ADDED ENTRY ELEMENTS (KOHA)
Source of classification or shelving scheme Dewey Decimal Classification
Koha item type Books
Edition 4th
Suppress in OPAC No
999 ## -
-- 1350
-- 1350
Holdings
Withdrawn status Lost status Source of classification or shelving scheme Damaged status Not for loan Home library Current library Shelving location Date acquired Total checkouts Full call number Barcode Date last seen Copy number Price effective from Koha item type
    Library of Congress Classification     Graduate Library (Christ Temple) Graduate Library (Christ Temple) General stacks 11/20/2024   QA 276 HOG GSCT00000090 11/20/2024 1 11/20/2024 Books
© 2023-2024 Copyright: Central University Libraries. All Rights Reserved | Created by: Mahone Tech Office